[Event "Norway Chess 2025"]
[Site "Stavanger, Norway"]
[Date "2025.06.06"]
[Round "10"]
[White "Erigaisi Arjun"]
[Black "Carlsen, Magnus"]
[Result "1/2-1/2"]
[WhiteElo "2782"]
[BlackElo "2837"]
[Annotator "Rafael Leitao"]
[PlyCount "111"]
[EventDate "2025.??.??"]
[TimeControl "40/7200:0"]

1. d4 d5 2. c4 e6 3. Nc3 Nf6 {Knowing a draw might suffice, Carlsen chooses one of the most solid and reliable defenses against the Queen's Pawn.} 4. cxd5 {The Exchange Variation was Kasparov's favorite line when facing the Queen's Gambit.} exd5 5. Bg5 Be7 6. e3 O-O 7. Bd3 h6 8. Bh4 c6 9. Nge2 Nbd7 (9... Ne8 {is another popular plan these days.}) 10. O-O a5 $5 {The modern way of playing the Queen's Gambit Declined. Advancing on the queenside for Black wasn't common some 50 years ago, but chess understanding has evolved.} (10... Re8 {is more common, and Black can use the same plan after} 11. Qc2 a5) 11. f3 (11. a4 {I've seen strong players trying this with White in similar positions, but the inclusion of a4-a5 no doubt improves Black's position.}) (11. Qc2 {is more possible when Black can play} Re8 {and White may think of something different from the classical plan with f3-e4, although I'm not sure that most players try 12.f3 anyway.}) ({RR} 11. Rc1 Re8 12. f3 b5 13. Kh1 Ba6 14. Bf2 Qb8 ({RR} 14... Bf8 15. Ng3 Qb8 16. e4 dxe4 17. fxe4 b4 18. Nce2 c5 19. dxc5 Rd8 20. c6 Nc5 21. Bxc5 Bxc5 22. Rxc5 Rxd3) 15. Ng3 b4 16. Nce2 Bxd3 17. Qxd3 c5 18. dxc5 Nxc5 19. Qb1 Bf8 20. Rfd1 Qb5 21. Nf4 Ne6 22. Nf5 Rac8 23. h3 Nxf4 24. exf4 Nh5 25. Nd4 Qd7 {Duda,J (2725)-Carlsen,M (2839) Zagreb CRO 2025 ½-½ (65)}) ({RR} 11. Rc1 Re8 12. f3 b5 13. Kh1 Ba6 14. Bf2 Qb8 15. Ng3 b4 16. Nce2 Bxd3 17. Qxd3 c5 18. dxc5 Nxc5 19. Qb1 Bf8 20. Rfd1 Qb5 21. Nf4 Ne6 22. Nf5 Rac8 23. h3 Nxf4 24. exf4 Nh5 25. Nd4 Qd7 {Duda,J (2725)-Carlsen,M (2839) Zagreb 2025 ½-½ (65)}) 11... b5 $1 {This the whole point of Black's opening system; he reacts with b5-b4 against the plan of f3-e4.} 12. Qc2 Re8 13. e4 $146 {Arjun plays the opening in the most direct way possible. He could try to play a move like 13.Bf2 and maybe Kh1 next, but he decides to strike immediately. Given the quality of the move and the time spent, it's unlikely that he had this prepared beforehand.} ({RR} 13. Kh1 Ba6 14. Rad1 Qb8 ({RR} 14... Qb6 15. Bf2 Rad8 16. e4 dxe4 17. fxe4 Ng4 18. Bg1 Qb8 19. h3 Ngf6 20. e5 Nd5 21. Bh7+ Kh8 22. Rxf7 Nb4 23. Qg6 Bf8 24. Rdf1 Nd5 25. Nxd5 cxd5 26. Nf4 b4 27. Qxa6 Kxh7 28. Qg6+ Kh8 29. Qh5) 15. e4 b4 16. Nb1 Bxd3 17. Qxd3 dxe4 18. fxe4 Nxe4 19. Qxe4 Bxh4 20. Qxc6 Ra7 21. Nf4 Nf6 22. Qf3 Rae7 23. Rd3 Re1 24. Nd2 Bg5 25. g3 Qc8 26. Rxe1 Rxe1+ 27. Kg2 Bxf4 {Sele,T (1699)-Silva,M (2005) Budapest HUN 2024 0-1 (42)}) ({RR} 13. Bf2 Bb7 14. h3 Rc8 15. Bf5 g6 16. Bxg6 fxg6 17. Qxg6+ Kh8 18. e4 Nh7 19. e5 b4 20. Nd1 Ba6 21. Re1 Rg8 22. Qxh6 Bg5 23. Qd6 Qe8 24. e6 Qg6 25. Bg3 Ndf6 26. Nf2 Be3 27. Qe5 Bxe2) ({RR} 13. Kh1 Ba6 14. Rae1 Qb6 15. Bf2 Rac8 16. e4 b4 17. Nd1 c5 18. Bxa6 Qxa6 19. e5 cxd4 20. Qf5 g6 21. Qh3 Nxe5 22. Bxd4 Nd3 23. Ne3 Nxe1 24. Rxe1 Bf8 25. Ng3 Bg7 26. Rg1 Qe6 27. Ngf5 gxf5 {Andreikin,D (2710)-Duda,J (2739) chess.com INT 2026 0-1 (31)}) 13... b4 14. Na4 dxe4 15. fxe4 Nxe4 $1 {Black has a big alternative in 15...c5, but the move played in the game is objectively better, although it will soon be followed by a mistake.} (15... c5 {is the typical break. Big complications start.} 16. e5 $1 (16. dxc5 $2 {leads to problems for White after} Ng4 $1) 16... Nd5 {Now White has several ideas after 16.Bxe7, 16.Bg3, or even 16.Bc4. With the engine on, it seems that Black's position can be held, although it seems a little shaky and dangerous in a practical game.}) 16. Bxe7 (16. Bxe4 $2 Bxh4 17. Bxc6 Ba6 {is horrible for White.}) 16... Qxe7 17. Qxc6 Nef6 $2 {The wrong way to sacrifice.} (17... Nd2 $1 {is a theoretical novelty and the best move when Black has excellent counterplay after} 18. Qxa8 Qe3+ 19. Rf2 Nf6 $1 {With the bishop attacked and the threat of Ng4, Black has the initiative. White has played very accurately in order to hold the balance.} (19... Qxd3 {is worse.} 20. Rc1) 20. Qb8 $1 Qxd3 21. Nc5 Qc4 22. b3 Qd5 {with excellent compensation for the exchange.}) 18. Qxa8 Qe3+ 19. Kh1 Qxd3 20. Nf4 Qxd4 21. Rad1 (21. Rac1 {is also tempting. Black has to find} Kh7 $1 {with the idea} (21... Ng4 $2 {loses a piece after} 22. h3 Nf2+ 23. Rxf2 Qxf2 24. Nd3 $1 {followed by capturing the bishop on c8.}) (21... Ne4 {is refuted by} 22. Ne2 $1) 22. Rxc8 $6 (22. Qxa5 {is better.}) 22... Ng4 $1 {when suddenly Black has dangerous threats.} (22... Qxf4 $2 23. Qa6 Qxf1+ 24. Qxf1 Rxc8 {is similar to the game.})) 21... Qe5 $2 (21... Qe3 $1 {offers better chances of defending.} 22. Rc1 Ne4 {forces White to play} 23. Nh3 $1 {and now either 23...Nd6 or 23...Qe2, when White is better, but the position remains very complicated.}) 22. Rc1 $1 Nf8 {Carlsen finds a clever way to defend.} 23. Rxc8 $6 {tempting, but there's a better move.} (23. Nc5 $1 {seems to better, followed by the capture of the a-pawn. Although White is technically winning, there are still practical chances for Black to create something on the kingside.}) 23... Qxf4 $1 {The point of Black's previous move, exploiting the back-rank weakness.} 24. Qa6 {Absolutely forced.} Qxf1+ $1 {Carlsen decides to give up his queen, a difficult but entirely correct decision. He has more chances of surviving here than an exchange down after} (24... Qe5 25. Rxe8 Nxe8 26. Qc6 Nf6 27. Qc5 Qe2 28. Qf2 Qe5 29. Nc5 {when he lacks counterplay and White will gradually attack the queenside pawns.}) 25. Qxf1 Rxc8 26. h3 {Despite the material advantage, it's not easy for White to convert the advantage. The knight is out of play, and Black's rook and knights can become very tricky if allowed near the white king.} Rd8 27. Qa6 (27. Nb6 {is a good alternative, preparing Nc4.}) 27... Rd5 28. Nb6 Rc5 29. Nc4 Ne6 $2 {Not the best way to coordinate the pieces.} (29... Ng6 $1 {is stronger. The point is that after the dubious capture of the a5-pawn, Black is ready to start an attack.} 30. Nxa5 (30. Ne3 {is more prudent.}) 30... Rc1+ 31. Kh2 Rc2 {with the idea of playing Nh4 next.}) 30. Nxa5 g5 $5 {An interesting plan. Black wants to play g5-g4 and destroy the king's shelter.} 31. Nc4 {White has many winning moves. His task for now is to improve the knight's position.} (31. Nc6 g4 32. Nd4 $1 {An important move that decides the game.} Ng5 {The last trick.} (32... Nxd4 33. Qxf6) 33. Nf5 $1 (33. Qxf6 $4 {ends in sadness after} Rc1+ 34. Kh2 g3+ $1 35. Kxg3 Ne4+) 33... Rxf5 34. Qc8+ {picking up the rook.}) (31. Nb7 {is also possible:} Rc1+ 32. Kh2 g4 33. Nd6 $18 {White is ready to start an attack on f7.}) (31. Nb3 {is also winning but less incisive.}) 31... g4 32. b3 $2 ({The prophylactic} 32. Kh2 {is better, securing the h-pawn.}) 32... gxh3 33. gxh3 Rh5 34. Kh2 $2 {Another mistake and now Black has adequate counterplay.} (34. Kg2 $1 {is the right move, but to be honest, I think Black already has considerable practical chances of saving the game after} Kg7) 34... Kg7 (34... Ng5 $5 {shows again that the knights are tricky pieces (a theme that showed up in other games of this tournament as well). The idea is} 35. Qxf6 Rxh3+ 36. Kg2 Rg3+ $3 {forcing a draw, either by perpetual check or in the endgame after} 37. Kxg3 Ne4+) 35. Qb7 Ng5 36. Nd6 ({After} 36. Qxb4 Rxh3+ 37. Kg2 {Black should play} Rf3 $1 {cutting off the king and preparing Nfe4.} 38. Nd2 Rd3 {The rook and knights are very active.}) 36... Rxh3+ 37. Kg2 Rd3 38. Nf5+ Kg6 39. Ne7+ (39. Ng3 {is better, bringing the knight closer to the king. The endgame has become very tactical but objectively equal.}) 39... Kh5 $1 {The king goes forward. Now the attacks consist of rook, two knights, and the king.} 40. Qxb4 $2 {Losing by force.} (40. Kf2 {is necessary.}) 40... Nfe4 {The white king is trapped.} 41. Kf1 Rd2 42. Qb5 Rd1+ 43. Kg2 Rd2+ 44. Kf1 Kg4 $6 {Complicating the win.} (44... f5 $1 {is a pretty move that decides the game instantly.} 45. Nxf5 (45. Qxf5 Ng3+ {takes the queen.}) (45. Qe8+ Kg4 {The king is sheltered by the pawn on f5.}) 45... Rf2+ 46. Ke1 (46. Kg1 Nf3+ 47. Kh1 Rh2#) 46... Nf3+ {The point of the move 44...f5. The knight on f5 unpins its colleague on g5.} 47. Kd1 Nc3+ 48. Kc1 Nxb5) 45. Qf5+ Kg3 46. Qe5+ Kf3 47. Qf5+ Kg3 48. Qe5+ Kf3 49. Qf5+ Ke3 $1 {A brave decision $1 Though Black is winning, due to the shortage of time I think the general feeling of the spectators was that anything could happen.} 50. Nd5+ Kd4 51. Ke1 Rxa2 $6 (51... Rh2 $1 {is recommended by the machine as the right winning move, but who could find such subtleties with seconds on the clock $2 Not even Carlsen.}) 52. Qd7 $1 Ra1+ (52... Nc5 {offers good winning chances, but it's not easy after} 53. Qd8) 53. Ke2 Ra2+ {Carlsen makes the professional decision of forcing a draw and clinching the title of this spectacular tournament.} 54. Ke1 Ra1+ 55. Ke2 Ra2+ 56. Ke1 1/2-1/2

[Event "Keres Memorial"]
[Site "Tallinn/Parnu"]
[Date "1998.06.28"]
[Round "8"]
[White "Lautier, Joel"]
[Black "Oll, Lembit"]
[Result "1-0"]
[WhiteElo "2645"]
[BlackElo "2645"]
[Annotator "Hansen,Curt"]
[PlyCount "85"]
[EventDate "1998.06.19"]
[EventType "tourn"]
[EventRounds "9"]
[EventCountry "EST"]
[EventCategory "15"]
[SourceTitle "CBM 066"]
[Source "ChessBase"]
[SourceDate "1998.09.30"]
[SourceVersion "1"]
[SourceVersionDate "1998.09.30"]
[SourceQuality "1"]

1. d4 {Lautier} d5 2. c4 e6 3. Nc3 Nf6 4. cxd5 exd5 5. Bg5 c6 6. e3 Be7 7. Bd3 Nbd7 8. Nge2 O-O 9. Qc2 Re8 10. O-O Nf8 11. f3 {[%cal Ye3e4,Ye3e5] In the Exchange Variation of the Queens Gambit white can choose between two setups in connection with short castle. Either he can play g1-f3 and try to gain a positional advantage by attacking whites -side with b2-b4-b5. This is/was preferred by for instance Anatoli Karpov. Or he can - as in this game - place g1 on e2, and try to build up a dynamic and strong pawn-center with f2-f3 and e3-e4. This setup has been used by Michail Botvinnik and Garry Kasparov.} Be6 (11... Ng6 {This is the normal continuation. White could now play either 12.ad1 or 12.e4}) 12. Rad1 (12. e4 dxe4 13. fxe4 Ng6 {would by transposition lead back to a line from the variation 11. - g6}) 12... Rc8 {[%cal Yc6c5] If whites e2 was on f3 black would never think about playing c6-c5 because of the weak isolated d5- after d4xc5. However after white has played f2-f3, in case of d4xc5 his e3- would often be just as weak as blacks d5-} 13. Kh1 $146 {Timman} (13. e4 {Lautier} dxe4 14. fxe4 Ng4 15. Bxe7 (15. Bc1 Bg5 $132 {e3}) 15... Qxe7 16. Qd2 (16. Rf3 c5 17. d5 c4 18. dxe6 Nxe6 $15) 16... c5 17. d5 Bd7 $11 {d6,g6}) 13... h6 {× g6} (13... c5 {Lautier} 14. dxc5 (14. Bb5 N8d7) 14... Rxc5 (14... Bxc5 $6 15. e4 dxe4 16. fxe4 $16 {e4-e5}) 15. Bb5 (15. Qa4 a6 16. Bb1 $14 {d4}) 15... Bd7 (15... N8d7 {d5-d4} 16. Nd4 (16. Nf4 a6 17. Bxd7 Qxd7 18. e4 d4 19. Bxf6 Bxf6 $15) 16... a6 $14) 16. Bxd7 N8xd7 (16... Qxd7 17. e4 $16) 17. Qb3 $14 {f4}) (13... Ng6 $142 {Lautier}) ({RR} 13... Ng6 14. a3 Qc7 15. Nf4 Bd7 16. Qf2 Rcd8 17. Rc1 Qd6 18. Nxg6 fxg6 19. Bf4 Qe6 20. Bc7 Rc8 21. Be5 Qf7 22. e4 Be6 23. Qd2 Bf8 24. Ne2 Qd7 25. Bg3 dxe4 26. fxe4 Rcd8 27. Bf2 Bf7 28. Nc3 {Ivanchuk,V (2741)-Bruzon Batista,L (2648) Merida 2006 ½-½ (38)}) 14. Bh4 (14. Bxf6 $6 {Lautier} Bxf6 15. e4 dxe4 16. fxe4 Bxd4 $1 $15) 14... a6 $146 {[%csl Gb5]  c6-c5 ×b5 Black wants to control b5 before he plays c6-c5} (14... c5 15. Bb5 $14) ({RR} 14... N6d7 15. Bf2 c5 16. dxc5 Bxc5 17. a3 a6 18. Nf4 Nf6 19. Qd2 b5 20. Bb1 Qb6 21. b4 Bd6 22. Ncxd5 Nxd5 23. Nxd5 Bxd5 24. Qxd5 Rcd8 25. e4 Qb8 26. Ba2 Ne6 27. Qh5 Bc7 28. Bh4 Rxd1 29. Rxd1 {Rios,C (2431)-Banik,H (1482) Agartala Tripura 2022 1-0 (33)}) ({RR} 14... b5 15. Bf2 a6 16. Qb1 Bd7 17. Bg1 c5 18. dxc5 b4 19. c6 Bxc6 20. Bxa6 bxc3 21. Bxc8 Qxc8 22. Nxc3 Bc5 23. Rfe1 Qb7 24. Qc2 Ng6 25. Bf2 Qb6 26. Qd2 Ne5 27. b3 g5 28. Re2 g4 29. f4 {Wallace,A (1996)-Steiners,E (1895) Ryde ENG 2026 0-1 (39)}) ({RR} 14... N6d7 15. Bf2 c5 16. dxc5 Bxc5 17. a3 a6 18. Nf4 Nf6 19. Qd2 b5 20. Bb1 Qb6 21. b4 Bd6 22. Ncxd5 Nxd5 23. Nxd5 Bxd5 24. Qxd5 Rcd8 25. e4 Qb8 26. Ba2 Ne6 27. Qh5 Bc7 28. Bh4 Rxd1 29. Rxd1 {Rios,C (2431)-Banik,H (1482) Agartala Tripura 2022 1-0 (33)}) 15. Nf4 (15. Bxf6 $5 {Lautier} Bxf6 16. e4 dxe4 17. fxe4 Bxd4 18. Bxa6 bxa6 19. Nxd4 Qa5 20. Nxe6 Rxe6 (20... Nxe6 21. Rd7 $14) 21. Rf5 $14) 15... Bd7 {[%cal Rg7g5]} (15... c5 16. dxc5 Rxc5 17. Qb1 $14 {[%csl Rd5]}) 16. Bf2 (16. Bg3 {Lautier} Ne6 17. Nxe6 Bxe6 18. e4 Nh5 19. e5 (19. Bf2 Nf4 $11) 19... Nxg3+ 20. hxg3 c5 $132) 16... Bd6 (16... Ne6 $142 {Lautier} 17. Nxe6 Bxe6 18. e4 c5 (18... dxe4 19. fxe4 Ng4 20. d5 cxd5 (20... Nxf2+ $2 21. Qxf2 $18 {×f7}) (20... Bd7 21. Bg1 $14 (21. dxc6 Rxc6 22. Bg1 Ne5 $11) (21. Bc4 Nxf2+ 22. Qxf2 Bf6 23. d6 b5 24. Bb3 b4 25. Na4 Rxe4 26. Nc5 Re5 $11)) 21. exd5 Bd7 22. Bh7+ (22. d6 Bf6 23. Bg1 Ne3 $11) (22. Bg1 {h7+;×f7} Bf6 $14) 22... Kh8 23. Bd4 $14 Qc7 $140 $2 24. Bxg7+ $1 Kxg7 25. Rxf7+ Kh8 26. d6 Bxd6 27. Qg6 $18) 19. dxc5 (19. exd5 Nxd5 20. dxc5 Bxc5 21. Be4 Bb4 $11) 19... Bxc5 20. e5 Nd7 21. f4 $14) 17. Qd2 {White has decided on a slow buildup. First he wants to place his forces in the best possible way. Only then does he intend to play e3-e4. His would probably have to find a more suitable square for f4 before e3-e4 is powerful} Qc7 (17... Bxf4 {Lautier} 18. exf4 {f5,g4} Ne6 19. f5 $36) 18. Bg1 {× h2} b5 $6 {White is playing slowly so black thinks it is time to become active. However the move played is positionally very risky. If white plays e3-e4 then the gain of space on the -side in connection with b5-b4 and maybe c6-c5 could be very useful. However if white does not play e3-e4 the weakness of the square c5 can only be covered in connection with c6-c5 - creating a isolated d5-.} (18... Bxf4 $6 {Lautier} 19. exf4 Ne6 20. f5 Nf4 21. Bb1 Re7 22. Be3 $36) (18... Ne6 {Lautier} 19. Nxe6 (19. Nfe2 $6 Ng5 {×e4}) 19... Bxe6 20. e4 Bf4 21. Qc2 (21. Qf2 $5) 21... dxe4 22. fxe4 Bg4 23. Rde1 $36) (18... Re7 $142 {Lautier} 19. Nfe2 {e4} c5 $6 (19... b5 20. e4 b4 21. e5 Bxe5 (21... bxc3 22. Nxc3 Bxe5 23. dxe5) 22. dxe5 bxc3 23. Nxc3 Rxe5 24. Bd4 Re6 25. Bxa6 $16) (19... Rce8 20. e4 dxe4 21. fxe4 Nxe4 22. Nxe4 Rxe4 23. Bxe4 Rxe4 24. d5 Bg4 25. Nc3 Re7 26. Rde1 $14) 20. e4 $1 (20. dxc5 Bxc5 21. Nd4 Ng6 $14) 20... cxd4 (20... dxe4 21. fxe4 cxd4 22. Bxd4 Be5 23. Rxf6 gxf6 24. Nd5 Qd8 25. Nxe7+ Qxe7 26. Qxh6 $16) 21. Bxd4 (21. Nxd5 Nxd5 22. exd5 Re5 23. Be4 f5 24. Bxd4 fxe4 25. Bxe5 Bxe5 26. fxe4 Qc4 $132) 21... N8h7 (21... dxe4 22. fxe4 {A2)}) 22. exd5 $16 Bxh2 23. Bxh7+ Kxh7 (23... Nxh7 24. f4 $18) 24. Bxf6 gxf6 25. d6 $18) 19. Bb1 $1 {[%cal Yf4d3]  d3, × c5 Now f4 can go to the ideal square d3} Rcd8 (19... Ne6 $142 {Lautier} 20. Nd3 (20. Nxe6 Rxe6 $14) 20... Ng5) 20. Rc1 (20. Nd3 {Lautier} Bf5) 20... Qb8 (20... Qb6 $142 {Lautier} 21. e4 $5 (21. Nd3 Bf5 $1) (21. Nce2 $36) 21... b4 22. Na4 Qb5 23. e5 Qxa4 24. exf6 $36) 21. Nce2 (21. Nd3 $6 {Lautier} Bf5 $1) 21... b4 (21... Re7 $142 {Lautier}) 22. Nd3 Ne6 23. Bf2 $1 { g3; × c5 Again a very nice move. White wants to exchange black-squared bishops after which whites control over c5 will increase} a5 (23... Qb6 24. Bg3 Bf8 $14 {/ would have made some sence as f8 controls c5 and g3 does not. However blacks position would still have been rather passive}) (23... Bxh2 $6 {Lautier} 24. Nxb4 {:c6} (24. g3 $2 Ng5 $17 25. Ne1 $2 Bh3 $19) 24... Qd6 25. Nxa6 $16 {×h2}) 24. Bg3 Rc8 (24... Re7 {Lautier} 25. Ne5 Rc8 26. e4 Nh5 27. Bh4 $16) 25. Nc5 (25. Be5 $5 {Lautier e2-g3-f5} Bxe5 26. dxe5 Nh7 27. f4 Nhf8 (27... Qb6 28. f5 Neg5 29. Nc5 Rcd8 30. Nxd7 Rxd7 31. h4 $18) 28. Nd4 $36) 25... Nxc5 26. Rxc5 Re7 {× e3} 27. Bxd6 (27. Rxa5 $2 {Lautier} Rce8 $132 28. Bf2 $2 Qb6 (28... Bxh2 $2 29. g3 $16) 29. Ra4 c5 $17) 27... Qxd6 {[%csl Re3][%cal Rc8e8] White has full control over c5, however he must be careful not to allow black to much counterplay against the  on e3} 28. Ng3 Rce8 29. Re1 (29. e4 $2 {Lautier} dxe4 30. fxe4 Nxe4 31. Nxe4 Rxe4 32. Bxe4 Rxe4 $11) 29... Qf4 $2 {Black initiates complications that are clearly to whites advantage.} (29... Qc7 $142 $14) 30. Ne4 $1 (30. Nf1 $1 {Lautier} Qc7 31. Rec1 (31. a3 Rb8 $132) 31... h5 32. Bc2 h4 33. Ba4 Re6 34. Qc2 Rc8 35. Qf2 $16) 30... Nxe4 (30... Qh4 {Lautier} 31. Nxf6+ (31. Nd6 $16) 31... Qxf6 32. Rxa5 Qf4 33. Ra8 $1 $16) 31. fxe4 Qd6 32. Rxa5 (32. e5 $2 {Lautier} Rxe5) (32. exd5 $1 {Lautier} cxd5 33. Rxa5 $16 Qf4 34. Ra8 $1 (34. Qc2 $2 g6)) 32... dxe4 33. Rc5 $16 {[%csl Rb4,Re4][%cal Rd2b4]} Re5 (33... Rb8 $142 34. Bc2 {[%cal Yc2b3]}) 34. Rec1 (34. Qxb4 $2 {Lautier} Rh5 $1 $40) 34... Rxc5 35. Rxc5 f5 {[%cal Yf5f4]} 36. g3 (36. Qxb4 {Lautier} f4 37. Qc3 f3 $132) 36... g5 $2 (36... Rb8 $8 37. Bc2 $16 (37. Bc2 Be6 38. Bb3 Bxb3 39. axb3 Rb5 $1 $14)) (36... f4 $6 {Lautier} 37. gxf4 Bg4 38. Kg1 $1 $16) 37. Qxb4 $18 Be6 (37... f4 $4 {Lautier} 38. Rxg5+ $18) 38. Bc2 (38. Bxe4 $6 {Lautier} Bf7 $1 (38... fxe4 39. Rxg5+ $18) (38... Rb8 $2 39. Qa3 $1 $18) 39. Bxf5 Rxe3 $132) 38... Bd5 39. Bb3 f4 40. Qb6 Bxb3 41. Rxc6 Qf8 (41... Qd5 {Lautier} 42. Rg6+ Kf8 43. axb3 fxe3 44. Rxh6 $18) 42. Qxb3+ Kh8 43. Qb6 (43. Qb6 Kh7 44. Rc7+ Re7 (44... Kh8 45. Qg6 $18) 45. Qd6 $18) 1-0

[Event "Candidates qf Portisch-Larsen +4-2=4"]
[Site "Rotterdam"]
[Date "1977.03.??"]
[Round "6"]
[White "Portisch, Lajos"]
[Black "Larsen, Bent"]
[Result "1-0"]
[WhiteElo "2625"]
[BlackElo "2615"]
[Annotator "ChessBase"]
[PlyCount "101"]
[EventDate "1977.03.01"]
[EventType "match"]
[EventRounds "10"]
[EventCountry "NED"]
[SourceTitle "Candidates"]
[Source "ChessBase"]
[SourceDate "1999.07.01"]
[SourceVersion "2"]
[SourceVersionDate "1999.07.01"]
[SourceQuality "1"]

1. c4 Nf6 2. Nc3 e6 3. Nf3 d5 4. d4 Nbd7 5. cxd5 exd5 6. Bg5 Be7 7. e3 O-O 8. Bd3 c6 9. Qc2 Re8 10. O-O Nf8 11. Rae1 Be6 12. Qb1 $5 ({RR} 12. a3 N6d7 13. Bxe7 Qxe7 14. h3 Qd6 15. Na4 f6 16. Nh4 Re7 17. b4 a5 18. Nc5 axb4 19. axb4 b6 20. Nxe6 Rxe6 21. b5 c5 22. Nf5 Qc7 23. e4 Rae8 24. Rd1 dxe4 25. Bc4 Qf4 26. Ne3 f5 {Radjabov,T (2744)-Adly,A (2631) Ningbo 2011 1-0 (38)}) ({RR} 12. Nd2 N6d7 13. Bf4 c5 14. Nb5 cxd4 15. Bc7 Qc8 16. Nxd4 Nf6 17. Rc1 a6 18. N2f3 Bd8 19. Nxe6 fxe6 20. Be5 Be7 21. Bd4 N6d7 22. Ne5 Nxe5 23. Bxe5 Qd7 24. Qe2 Rac8 25. Qg4 Bd6 26. Bc3 Qe7 {Hankow,B (2018)-Korell,K (1852) Berlin 2017 ½-½ (49)}) 12... a5 $146 ({RR} 12... Rc8 13. b4 b5 14. Rc1 a5 15. a3 axb4 16. axb4 N6d7 17. Bxe7 Qxe7 18. e4 dxe4 19. Nxe4 Bd5 20. Rfe1 Ne6 21. Neg5 g6 22. Nxe6 fxe6 23. Be4 Nf6 24. Bxd5 cxd5 25. Ne5 Ne4 26. Qb2 Nd6 27. Rc5 {Bondarenko,V (2240)-Izsak,G (2365) Budapest 1994 1-0 (35)}) 13. a3 N6d7 14. Bxe7 Rxe7 (14... Qxe7 $1) 15. b4 axb4 16. Qxb4 $5 $14 (16. axb4 b5 {Forintos}) 16... Nb6 17. a4 Nc8 18. Ra1 Nd6 19. a5 (19. Rfc1 $1 Bf5 20. Bf1 {Forintos}) 19... Bf5 20. Bxf5 Nxf5 21. Rfb1 Nd6 22. Nd2 Ne6 23. Qb6 Qc8 24. Nxd5 Rd7 25. Nc3 Nf5 26. Nf3 Ra6 27. Qb2 Nd6 28. Na4 Qe8 29. Nb6 Rd8 30. Qc2 h6 31. Nc4 Nb5 32. Rd1 Qe7 33. h3 Nec7 34. Rab1 Nd5 35. Rb3 Qe6 36. Nfe5 Raa8 37. Nd3 Qg6 38. Rc1 Qg5 39. Kh2 Re8 40. Nc5 Ra7 41. Rd1 h5 42. e4 Nxd4 43. Rxd4 Nf4 44. Ne3 Nxg2 45. Nxg2 Qe5+ 46. f4 Qxd4 47. Rg3 Qb4 48. e5 Qxa5 49. Nd7 h4 50. Nf6+ Kf8 51. Rxg7 1-0